000 00953nam a22003017a 4500
001 0012603
003 KOHA_MİRAKIL
005 20260207001857.0
007 ta
008 100202b2007 tu |||gr||||#||||0|tur |
020 _a9750188015
040 _aTR-BiSEU
_btur
_cTR-BiSEU
_erda
041 0 _atur
044 _ctu
050 _aHE5838.25.B64
_bB65 2007
245 0 _aBoğaziçinde asırlık seyahat :
_bBelgelerle Şirket-i Hayriye/
_cEditör Yusuf Sarınay, Ahmet Paksoy.
264 1 _aİstanbul :
_bİDO
_c2007
300 _a xvi, 231 sayfa: resimli; 33 cm.
336 _ametin
_btxt
_2rdacontent
337 _aaracısız
_bn
_2rdamedia
338 _acilt
_bnc
_2rdacarrier
490 0 _aİDO kültür yayınları
650 0 _aŞirket-i Hayriye.
_930436
650 0 _aFerries--Turkey--Istanbul--History.
_930437
650 0 _aSteamboats--Turkey--Istanbul--History.
_930438
830 0 _aİDO kültür yayınları
_930439
942 _2lcc
_cBK
999 _c12571
_d12571